Methods for the study of marine benthos
Shranjeno v:
| Main Authors: | , |
|---|---|
| Format: | Knjiga |
| Jezik: | angleščina |
| Izdano: |
Oxford
Blackwell Science
2005
|
| Teme: | |
| Oznake: |
Označite
Brez oznak, prvi označite!
|
MARC
| LEADER | 00000nam a2200000 a 4500 | ||
|---|---|---|---|
| 001 | UCJ1459 | ||
| 003 | CL-VaPUC | ||
| 008 | 061020e20050000UK |||||||||||||||||eng|d | ||
| 020 | |a 0632054883 | ||
| 082 | 0 | 4 | |a 578.77 |b ELE |2 21 |
| 100 | 0 | |a Eleftheriou, Anastasios |e author |9 502100 | |
| 700 | 0 | |a McIntyre, Alasdair |e author |9 502101 | |
| 245 | 1 | 0 | |a Methods for the study of marine benthos |
| 300 | |a 418 p | ||
| 942 | |c BK | ||
| 945 | |d 20061020 00:00:00 |a cmena | ||
| 260 | |a Oxford |b Blackwell Science |c 2005 | ||
| 650 | 0 | |a Bentos |9 316458 | |
| 650 | 0 | |a Biología marina |9 259965 | |
| 650 | 0 | |a Ecología marina |9 259946 | |
| 650 | 0 | |a Ecosistemas acuáticos |9 343699 | |
| 650 | 0 | |a Comunidades bióticas |9 269776 | |
| 583 | |a last modification |c 20061020 00:00:00 |k Rodrigo Vera | ||
| 999 | |c 318043 |d 318041 | ||
| 952 | |0 0 |1 0 |4 0 |6 578_770000000000000_ELE_2005 |7 0 |8 CCM |9 395253 |a BIBCUR |b BIBCUR |d 2019-11-22 |i 4289285 |l 1 |o 578.77 ELE 2005 |p 4289285 |r 2025-04-22 |s 2025-04-09 |w 2019-11-22 |y BK |k CIM | ||